000 00730cam a22002413a 4500
001 30221
003 PGUSA
005 20140828083643.0
008 091009s2009||||xxu|||||s|||||000 | eng d
040 _aPGUSA
_beng
042 _adc
050 4 _aQL
245 1 0 _aBirds, Illustrated by Color Photography, Vol. 1, No. 1 :
_bJanuary, 1897
_h[electronic resource] /
_cVarious
260 _bProject Gutenberg,
_c2009
506 _aPublic domain in the USA.
516 _aElectronic text
653 _aNatural history -- Periodicals
653 _aBirds -- Periodicals
653 _aZoological illustration -- Periodicals
830 0 _aProject Gutenberg
_v30221
856 4 0 _uhttp://www.gutenberg.org/ebooks/30221
942 _cEB
999 _c259476
_d259476